| 000 | 00865nas a2200265 4500 | ||
|---|---|---|---|
| 001 | BR7900469 | ||
| 003 | BR-BrBNA | ||
| 005 | 20231205083618.0 | ||
| 007 | ta | ||
| 008 | 230509b bl.|||p| |||| 00| 00por d | ||
| 040 |
_aBR-BrBNA _bpor _cBiblioteca Nacional de Agricultura |
||
| 041 | _a(Pt) | ||
| 072 | _aK20 | ||
| 100 | 1 | _aSilva, J.A.A. da | |
| 100 | 1 | _aPaula Neto, F. de | |
| 100 | 1 | _aBrandi, R.M. | |
| 100 | 1 | _aConde, A.R. | |
| 245 | 1 | _aAnalise de modelos volumetricos para construcao de tabelas de volume comercial de Eucalyptus spp., segundo a especie, a regiao, e os metodos de regeneracao | |
| 650 | _aADMINISTRACAO FLORESTAL | ||
| 650 | _aEUCALIPTO | ||
| 650 | _aDENDROMETRIA | ||
| 773 | 0 |
_tRevista Arvore (Brazil) _xISSN 0100-6762 _g(Jan 1978), v. 2(1) p. 86-99 _wBR7900469 |
|
| 909 |
_a202311 _bLúcia _c55 _dLúcia Elande |
||
| 942 |
_2AGRIS _n0 _cANA |
||
| 999 |
_c100053 _d100053 |
||